| 000 | 00979cam a2200277u 4500 | ||
|---|---|---|---|
| 001 | 34467 | ||
| 003 | BD-RjUL | ||
| 005 | 20211209052150.0 | ||
| 008 | 140517s1943 u ab 000 0 eng d | ||
| 035 | _a(BD-RjUL) | ||
| 040 |
_aDLC _cCarP _dBD-RjUL _beng |
||
| 041 | _aeng | ||
| 082 |
_a301.32 _bHUM 1943 |
||
| 110 | 1 |
_aUnited States. _bNational resources planning board. [from old catalog] _9104822 |
|
| 245 | 1 | 0 |
_aHuman conservation : _bthe story of our wasted resources / |
| 260 |
_aWashington : _bU.S. Govt. print. off., _c1943. |
||
| 300 |
_aii, 126 p. : _billus. (incl. maps) diagrs. ; _c24 cm. |
||
| 650 | 0 |
_aDeath _xCauses. _9104823 |
|
| 651 | 0 |
_aUnited States _xStatistics, Vital. [from old catalog] _9104824 |
|
| 651 | 0 |
_aUnited States _xPopulation. _940155 |
|
| 700 | 1 |
_aFrank, Lawrence K. _q(Lawrence Kelso), _d1890-1968. _9104825 |
|
| 700 | 1 |
_aKiser, Louise K. [from old catalog] _9104826 |
|
| 942 |
_2ddc _cBK |
||
| 999 |
_c34467 _d34467 |
||